The way of the world/ (Record no. 11403)

MARC details
000 -LEADER
fixed length control field 00557nam a22002057a 4500
005 - DATE AND TIME OF LATEST TRANSACTION
control field 20260515114932.0
008 - FIXED-LENGTH DATA ELEMENTS--GENERAL INFORMATION
fixed length control field 221012b ||||| |||| 00| 0 eng d
020 ## - INTERNATIONAL STANDARD BOOK NUMBER
International Standard Book Number 9789382267744
040 ## - CATALOGING SOURCE
Original cataloging agency IN-DiNC
Transcribing agency IN-DiNC
041 ## - LANGUAGE CODE
Language code of sung or spoken text eng
082 ## - DEWEY DECIMAL CLASSIFICATION NUMBER
Classification number 822
Item number CON
100 ## - MAIN ENTRY--PERSONAL NAME
Personal name Congreve, William
Relator term author
245 ## - TITLE STATEMENT
Title The way of the world/
Statement of responsibility, etc. by William Congreve
260 ## - PUBLICATION, DISTRIBUTION, ETC.
Place of publication, distribution, etc. Delhi:
Name of publisher, distributor, etc. Worldview publications,
Date of publication, distribution, etc. 2021.
300 ## - PHYSICAL DESCRIPTION
Extent xc, 270p.
650 ## - SUBJECT ADDED ENTRY--TOPICAL TERM
Topical term or geographic name entry element English drama
700 ## - ADDED ENTRY--PERSONAL NAME
Personal name Sahoo, Sonia
Relator term Editor
700 ## - ADDED ENTRY--PERSONAL NAME
Personal name Hazra, Deblina
Relator term Editor
942 ## - ADDED ENTRY ELEMENTS (KOHA)
Source of classification or shelving scheme Dewey Decimal Classification
Koha item type Books
Holdings
Withdrawn status Lost status Source of classification or shelving scheme Damaged status Not for loan Collection Home library Current library Shelving location Date acquired Cost, normal purchase price Total checkouts Full call number Barcode Date last seen Date last checked out Copy number Price effective from Koha item type
    Dewey Decimal Classification       Naharkatiya College Library Naharkatiya College Library General stacks 10/12/2022 225.00 1 822 CON 28999 02/14/2023 02/04/2023 1 10/12/2022 Books
    Dewey Decimal Classification       Naharkatiya College Library Naharkatiya College Library General stacks 10/12/2022 225.00 1 822 CON 29000 02/06/2023 02/06/2023 2 10/12/2022 Books
    Dewey Decimal Classification       Naharkatiya College Library Naharkatiya College Library General stacks 09/15/2025 275.00   822 CON 30935 09/15/2025   3 09/15/2025 Books
    Dewey Decimal Classification       Naharkatiya College Library Naharkatiya College Library General stacks 09/15/2025 275.00   822 CON 30936 09/15/2025   4 09/15/2025 Books